| 000 | 00614nam a2200241 a 4500 | ||
|---|---|---|---|
| 001 | nice12345678 | ||
| 003 | IN_TiNIC | ||
| 005 | 20260116014206.0 | ||
| 008 | 050524s2000 newa grp 000 0 eng | ||
| 020 |
_a8174353 _c63 |
||
| 082 | 0 | 0 |
_a297.5 _bDAR |
| 100 | _aDar, Bashir Ahmad | ||
| 245 | _aQuranic Ethics | ||
| 260 |
_aNew Delhi _bAdam Publisher and Distributer _c2000 |
||
| 300 | _a102p | ||
| 500 | _aincludes index and biblioraphy | ||
| 505 | 2 | _aBibliography, Index | |
| 650 | _aIslam-Moral Theology | ||
| 700 | 1 | _aDar, Bashir Ahmad | |
| 902 | _bSRS | ||
| 942 | _cBK | ||
| 999 |
_c14256 _d14256 |
||